Exclusión social, marginación y pobreza : (Record no. 200217)

MARC details
000 -CABECERA
campo de control de longitud fija 00842nam a2200241 a 4500
005 - FECHA Y HORA DE LA ÚLTIMA TRANSACCIÓN
campo de control 20240530063921.0
008 - ELEMENTOS DE LONGITUD FIJA--INFORMACIÓN GENERAL
campo de control de longitud fija 181128s2018 mx r 000 0 spa d
020 ## - NÚMERO INTERNACIONAL NORMALIZADO PARA LIBROS
Número Internacional Estándar del Libro 9786077364894 (Fontamara)
020 ## - NÚMERO INTERNACIONAL NORMALIZADO PARA LIBROS
Número Internacional Estándar del Libro 9786075063188 (Universidad Autóma de Coahuila)
035 ## - NÚMERO DE CONTROL DEL SISTEMA
Número de control de sistema UPN01000228122
049 ## - COLECCIÓN
Colección CG
050 #4 - SIGNATURA TOPOGRÁFICA DE LA BIBLIOTECA DEL CONGRESO
Número de clasificación HM136
Número de documento/Ítem E9.2
100 1# - ASIENTO PRINCIPAL--NOMBRE PERSONAL
Nombre de persona Castro Saucedo, Laura Karina
9 (RLIN) 42464
245 10 - MENCIÓN DE TÍTULO
Título Exclusión social, marginación y pobreza :
Resto del título tópicos vigentes /
Mención de responsabilidad, etc. Laura Karina Castro Saucedo.
260 ## - PUBLICACIÓN, DISTRIBUCIÓN, ETC.
Lugar de publicación, distribución, etc. Ciudad de México :
Nombre del editor, distribuidor, etc. Fontamara :
-- Universidad Autónoma de Coahuila,
Fecha de publicación, distribución, etc. 2018.
300 ## - DESCRIPCIÓN FÍSICA
Extensión 185 p. :
Otras características físicas gráfs., tablas
440 #0 - MENCIÓN DE SERIE/ASIENTO SECUNDARIO--TÍTULO
Título Argumentos ;
Designación de volumen o secuencia 427
650 #4 - ASIENTO SECUNDARIO DE MATERIA - TERMINO TEMATICO
Término de materia o nombre geográfico como elemento de entrada Marginalidad social
9 (RLIN) 277
650 #2 - ASIENTO SECUNDARIO DE MATERIA - TERMINO TEMATICO
Término de materia o nombre geográfico como elemento de entrada Discriminación social
9 (RLIN) 9195
650 #4 - ASIENTO SECUNDARIO DE MATERIA - TERMINO TEMATICO
Término de materia o nombre geográfico como elemento de entrada JOVENES DESADAPTADOS SOCIALMENTE
9 (RLIN) 10974
905 ## - TIPO DE MATERIAL
Tipo de material Libro
Holdings
Estado de retiro Estado de pérdida Fuente del sistema de clasificación o colocación Estado dañado No para préstamo Código de colección Localización permanente Ubicación/localización actual Ubicación en estantería Total de préstamos Clasificación Código de barras Fecha visto por última vez Número de copia Tipo de ítem Koha
    Library of Congress Classification     Colección General Bib. Gregorio Torres Quintero Bib. Gregorio Torres Quintero Planta baja 1 HM136 E9.2 328095 31/12/2020 1 Libro
    Library of Congress Classification     Colección General Bib. Gregorio Torres Quintero Bib. Gregorio Torres Quintero Planta baja 2 HM136 E9.2 328096 13/10/2021 1 Libro